[Event "SVK-ch U20 rapid"]
[Site "Nitra"]
[Date "2021.09.11"]
[Round "2"]
[White "Ondo, Tomas"]
[Black "Sahidi, Samir"]
[Result "0-1"]
[WhiteElo "1894"]
[BlackElo "2428"]
[PlyCount "94"]
[EventDate "2021.09.11"]
[EventType "swiss (rapid)"]
[EventRounds "7"]
[EventCountry "SVK"]
[SourceTitle "EXT 2023"]
[Source "ChessBase"]
[SourceDate "2022.10.05"]
[SourceVersion "1"]
[SourceVersionDate "2022.10.05"]
[SourceQuality "1"]

1. d4 Nf6 2. Bf4 d5 3. e3 c6 4. Nf3 Bf5 5. c4 e6 6. Qb3 Qb6 7. c5 Qxb3 8. axb3 Bxb1 9. Rxb1 Nbd7 10. b4 a6 11. Ra1 Rc8 12. h3 Be7 13. Nd2 0-0 14. Nb3 Bd8 15. Na5 Bxa5 16. bxa5 Rfe8 17. Bd6 e5 18. dxe5 Ne4 19. Rc1 Nxe5 20. Bxe5 Rxe5 21. Bd3 Rce8 22. 0-0 g6 23. Rfd1 Kg7 24. Kf1 Nf6 25. Be2 Re4 26. Rd4 Nd7 27. Bd3 Rxd4 28. exd4 f5 29. Rc3 Nf8 30. Bc2 Ne6 31. Rd3 Kf6 32. g3 g5 33. Bd1 Re7 34. Bf3 Nc7 35. Re3 Nb5 36. Rd3 Kg6 37. g4 fxg4 38. hxg4 h6 39. Rd1 Kf6 40. Kg2 Nc7 41. Rh1 Kg7 42. Rd1 Ne6 43. Kg3 Rf7 44. Rd3 Kf8 45. Bd1 Rf4 46. Rb3 Rxd4 47. Bf3 Nxc5 0-1

[Event "Drienica Saris op"]
[Site "Drienica"]
[Date "2020.08.10"]
[Round "4"]
[White "Ondo, Tomas"]
[Black "Antal, Jakub"]
[Result "1/2-1/2"]
[WhiteElo "2065"]
[BlackElo "1939"]
[PlyCount "48"]
[EventDate "2020.08.07"]
[EventType "swiss"]
[EventRounds "9"]
[EventCountry "SVK"]
[SourceTitle "CBM 197 Extra"]
[Source "ChessBase"]
[SourceDate "2020.09.30"]
[SourceVersion "1"]
[SourceVersionDate "2020.09.30"]
[SourceQuality "1"]

1. e4 Nf6 2. e5 Nd5 3. d4 d6 4. Nf3 g6 5. Bc4 Nb6 6. Bb3 Bg7 7. Qe2 0-0 8. h3 dxe5 9. dxe5 c5 10. 0-0 Nc6 11. c3 Bf5 12. Rd1 Qc8 13. Bf4 Be6 14. Na3 Bxb3 15. axb3 Qf5 16. Bg3 Rfd8 17. Nc4 Nd5 18. Ne3 Nxe3 19. Qxe3 b6 20. e6 fxe6 21. Re1 e5 22. Nxe5 Nxe5 23. Bxe5 Bxe5 24. Qxe5 Qxe5 1/2-1/2

[Event "SVK-chT1E 1920"]
[Site "Slovakia"]
[Date "2020.06.20"]
[Round "10.3"]
[White "Ondo, Tomas"]
[Black "Pejko, Otomar"]
[Result "1/2-1/2"]
[WhiteElo "2065"]
[BlackElo "2138"]
[PlyCount "73"]
[EventDate "2019.10.12"]
[EventType "team-tourn"]
[EventRounds "11"]
[EventCountry "SVK"]
[SourceTitle "EXT 2022"]
[Source "ChessBase"]
[SourceDate "2021.10.06"]
[SourceVersion "1"]
[SourceVersionDate "2021.10.06"]
[SourceQuality "1"]
[WhiteTeam "Michalovce Zemplin"]
[BlackTeam "Kosice Slavia TU II"]
[WhiteTeamCountry "SVK"]
[BlackTeamCountry "SVK"]

1. d4 Nf6 2. Bf4 c5 3. e3 Qb6 4. Nc3 d6 5. Bb5+ Bd7 6. a4 a6 7. a5 Qc7 8. Bxd7+ Nbxd7 9. d5 g6 10. e4 Bg7 11. Nge2 0-0 12. 0-0 b5 13. axb6 Qxb6 14. Bc1 Ne8 15. Ng3 Nc7 16. Kh1 Nb5 17. Na4 Qb7 18. c3 c4 19. f4 Rae8 20. Qe2 Qc7 21. Be3 e6 22. dxe6 fxe6 23. Rad1 Qc6 24. Qc2 Rb8 25. h3 Rf7 26. Rd2 Bh6 27. Re2 Bg7 28. Rd2 Bh6 29. Re2 Bg7 30. Rd2 Nc7 31. Rfd1 Rb3 32. Ra1 Bh6 33. Ne2 Rb8 34. Rad1 Rb3 35. Ra1 Rb8 36. Rad1 Rb3 37. Ra1 1/2-1/2

[Event "SVK-chT1E 1920"]
[Site "Slovakia"]
[Date "2020.02.22"]
[Round "8.4"]
[White "Ondo, Tomas"]
[Black "Sorkovsky, Miroslav"]
[Result "0-1"]
[WhiteElo "2021"]
[BlackElo "2129"]
[PlyCount "156"]
[EventDate "2019.10.12"]
[EventType "team-tourn"]
[EventRounds "11"]
[EventCountry "SVK"]
[SourceTitle "CBM 195 Extra"]
[Source "ChessBase"]
[SourceDate "2020.05.31"]
[SourceVersion "1"]
[SourceVersionDate "2020.05.31"]
[SourceQuality "1"]
[WhiteTeam "Michalovce Zemplin"]
[BlackTeam "Banska Bystrica Junior"]
[WhiteTeamCountry "SVK"]
[BlackTeamCountry "SVK"]

1. e4 e6 2. d4 d5 3. e5 c5 4. c3 Nc6 5. Nf3 Bd7 6. a3 c4 7. Be2 Na5 8. Nbd2 Bc6 9. 0-0 Qd7 10. h3 Ba4 11. Qe1 0-0-0 12. Bd1 Ne7 13. Bxa4 Qxa4 14. Qd1 Qxd1 15. Rxd1 f6 16. Re1 Kd7 17. Rb1 Nec6 18. Nf1 f5 19. g3 Nb3 20. Be3 Rb8 21. N3d2 Nca5 22. Nxb3 Nxb3 23. Nd2 Nxd2 24. Bxd2 Be7 25. b4 cxb3 26. Rxb3 Rhc8 27. Reb1 b6 28. a4 Rc4 29. a5 Kc6 30. axb6 Rxb6 31. Rxb6+ axb6 32. Kf1 Ra4 33. Ke2 Ra2 34. Kd3 Ba3 35. g4 fxg4 36. hxg4 Bf8 37. Rh1 h6 38. f4 g6 39. f5 exf5 40. Bxh6 Ra8 41. Bxf8 Rxf8 42. Rh6 fxg4 43. Rxg6+ Kb5 44. Rxg4 Rf3+ 45. Kd2 Kc4 46. e6 Rf2+ 47. Ke1 Rf6 48. Rg3 Rxe6+ 49. Kd2 Rh6 50. Rg7 Rh2+ 51. Ke3 Rh3+ 52. Kf4 Kxc3 53. Rb7 Rh6 54. Ke5 Rh5+ 55. Kf4 Rh6 56. Ke5 Rh5+ 57. Kf4 Kxd4 58. Rxb6 Rh8 59. Kf3 Re8 60. Rb3 Kc4 61. Rb7 d4 62. Rc7+ Kd3 63. Kf2 Kd2 64. Kf3 d3 65. Rd7 Kc2 66. Rc7+ Kd1 67. Rd7 d2 68. Rh7 Re6 69. Rh8 Kc2 70. Rc8+ Kb2 71. Rb8+ Kc3 72. Rc8+ Kd3 73. Rd8+ Kc2 74. Rc8+ Kd1 75. Rh8 Re1 76. Kf2 Re2+ 77. Kf3 Re7 78. Kf2 Rc7 0-1

[Event "SVK-chT2D 1920"]
[Site "Slovakia"]
[Date "2020.01.26"]
[Round "7.2"]
[White "Pejko, Otomar"]
[Black "Ondo, Tomas"]
[Result "1/2-1/2"]
[WhiteElo "2122"]
[BlackElo "2021"]
[PlyCount "32"]
[EventDate "2019.10.26"]
[EventType "team-tourn"]
[EventRounds "11"]
[EventCountry "SVK"]
[SourceTitle "CBM 194 Extra"]
[Source "ChessBase"]
[SourceDate "2020.03.31"]
[SourceVersion "1"]
[SourceVersionDate "2020.03.31"]
[SourceQuality "1"]
[WhiteTeam "Kosice Slavia UPJS III"]
[BlackTeam "Moldava nad Bodvou"]
[WhiteTeamCountry "SVK"]
[BlackTeamCountry "SVK"]

1. e4 e5 2. Nf3 Nc6 3. Bb5 a6 4. Ba4 Nf6 5. 0-0 Be7 6. Qe2 b5 7. Bb3 d6 8. c3 Na5 9. Bc2 c5 10. d3 Nc6 11. Nbd2 0-0 12. Rd1 Re8 13. Nf1 h6 14. Ne3 Bf8 15. h3 Qc7 16. Nh2 Be6 1/2-1/2

[Event "SVK-chT2D 1920"]
[Site "Slovakia"]
[Date "2019.12.14"]
[Round "5.3"]
[White "Ondo, Tomas"]
[Black "Vorovic, Arkadij"]
[Result "1/2-1/2"]
[WhiteElo "2021"]
[BlackElo "2140"]
[PlyCount "49"]
[EventDate "2019.10.26"]
[EventType "team-tourn"]
[EventRounds "11"]
[EventCountry "SVK"]
[SourceTitle "CBM 194 Extra"]
[Source "ChessBase"]
[SourceDate "2020.03.31"]
[SourceVersion "1"]
[SourceVersionDate "2020.03.31"]
[SourceQuality "1"]
[WhiteTeam "Moldava nad Bodvou"]
[BlackTeam "Velke Kapusany"]
[WhiteTeamCountry "SVK"]
[BlackTeamCountry "SVK"]

1. d4 d5 2. Bf4 c6 3. e3 Qb6 4. Qc1 Bf5 5. c4 e6 6. Nc3 Nf6 7. c5 Qd8 8. Nf3 Nh5 9. Be5 Nd7 10. h3 Nhf6 11. Bh2 Be7 12. Be2 Ne4 13. Nxe4 Bxe4 14. b4 0-0 15. Qc3 Bf6 16. 0-0 Re8 17. a4 Rc8 18. Qd2 e5 19. b5 Bxf3 20. Bxf3 exd4 21. exd4 Nf8 22. Bg4 Ne6 23. Rae1 b6 24. Bd6 Qd7 25. Qb4 1/2-1/2

[Event "SVK-chT2D 1920"]
[Site "Slovakia"]
[Date "2019.10.27"]
[Round "2.2"]
[White "Ondo, Tomas"]
[Black "Cenker, Milan"]
[Result "1/2-1/2"]
[WhiteElo "2021"]
[BlackElo "1977"]
[PlyCount "45"]
[EventDate "2019.10.26"]
[EventType "team-tourn"]
[EventRounds "11"]
[EventCountry "SVK"]
[SourceTitle "CBM 193 Extra"]
[Source "ChessBase"]
[SourceDate "2020.01.31"]
[SourceVersion "1"]
[SourceVersionDate "2020.01.31"]
[SourceQuality "1"]
[WhiteTeam "Moldava nad Bodvou"]
[BlackTeam "Presov Slavia PU"]
[WhiteTeamCountry "SVK"]
[BlackTeamCountry "SVK"]

1. d4 Nf6 2. Bf4 e6 3. e3 c5 4. c3 d5 5. Nd2 Nc6 6. Ngf3 Be7 7. Bd3 c4 8. Bc2 b5 9. e4 0-0 10. e5 Ne8 11. 0-0 a5 12. Qe2 b4 13. h3 f5 14. exf6 Bxf6 15. Ne5 Bxe5 16. Bxe5 Nxe5 17. Qxe5 Qf6 18. Nf3 Qxe5 19. Nxe5 Nd6 20. a4 b3 21. Bd1 Ra6 22. Re1 Ne8 23. Bg4 1/2-1/2

[Event "SVK-chT U20 final"]
[Site "Banska Bystrica"]
[Date "2019.05.11"]
[Round "3.1"]
[White "Ondo, Tomas"]
[Black "Haring, Filip"]
[Result "1/2-1/2"]
[WhiteElo "2116"]
[BlackElo "2308"]
[PlyCount "113"]
[EventDate "2019.05.10"]
[EventType "team-tourn"]
[EventRounds "5"]
[EventCountry "SVK"]
[SourceTitle "EXT 2020"]
[Source "ChessBase"]
[SourceDate "2019.10.17"]
[SourceVersion "1"]
[SourceVersionDate "2019.10.17"]
[SourceQuality "1"]
[WhiteTeam "Michalovce Zemplin Junior"]
[BlackTeam "Banska Bystrica Junior"]
[WhiteTeamCountry "SVK"]
[BlackTeamCountry "SVK"]

1. d4 Nf6 2. Nf3 e6 3. Bg5 Be7 4. e3 h6 5. Bh4 b6 6. a4 Bb7 7. c3 a5 8. Nbd2 d6 9. h3 Nbd7 10. Be2 0-0 11. 0-0 Re8 12. b4 Ne4 13. Bxe7 Qxe7 14. Nxe4 Bxe4 15. Nd2 Bb7 16. b5 e5 17. Bf3 e4 18. Be2 Nf8 19. Re1 Qg5 20. f4 Qh4 21. Nf1 Bc8 22. Bg4 f5 23. g3 Qf6 24. Bh5 g6 25. Be2 g5 26. Bc4+ Be6 27. Bxe6+ Nxe6 28. Ra2 Re7 29. Rg2 Rg7 30. Kh2 Kf7 31. Ree2 h5 32. Ref2 Rh8 33. Nd2 h4 34. g4 gxf4 35. d5 f3 36. dxe6+ Ke7 37. Nxf3 fxg4 38. Rxg4 Rxg4 39. hxg4 exf3 40. Qxf3 Qxe6 41. Kh3 d5 42. Qf4 Ke8 43. Rf3 Rh7 44. Qf5 Qxf5 45. Rxf5 Re7 46. Rxd5 Rxe3+ 47. Kxh4 Rxc3 48. Rd4 Kf7 49. Kg5 c6 50. Rd7+ Ke8 51. bxc6 Rc5+ 52. Kh4 Rxc6 53. Rb7 Rc4 54. Rxb6 Rxa4 55. Rb7 Ra1 56. Kg5 a4 57. Ra7 1/2-1/2

[Event "SVK-ch U18/20"]
[Site "Liptovsky Mikulas"]
[Date "2019.04.28"]
[Round "7"]
[White "Ondo, Tomas"]
[Black "Ihnat, Marek1111"]
[Result "1/2-1/2"]
[WhiteElo "2102"]
[BlackElo "2000"]
[PlyCount "91"]
[EventDate "2019.04.23"]
[EventType "swiss"]
[EventRounds "9"]
[EventCountry "SVK"]
[SourceTitle "CBM 190 Extra"]
[Source "ChessBase"]
[SourceDate "2019.07.15"]
[SourceVersion "1"]
[SourceVersionDate "2019.07.15"]
[SourceQuality "1"]

1. d4 Nf6 2. c4 e6 3. Nf3 Bb4+ 4. Bd2 c5 5. Bxb4 cxb4 6. e3 0-0 7. Nbd2 b6 8. Bd3 Bb7 9. 0-0 d6 10. Qe2 Nbd7 11. e4 e5 12. d5 Nc5 13. Ne1 Nfd7 14. a3 bxa3 15. b4 Nxd3 16. Nxd3 a5 17. b5 Bc8 18. f4 exf4 19. Rxf4 Qe7 20. Qf2 Rb8 21. h3 Ne5 22. Nxe5 Qxe5 23. Rxa3 f6 24. g4 Qe7 25. Rg3 Bd7 26. Rff3 Be8 27. h4 h6 28. h5 Bf7 29. Rf4 Qc7 30. Qf1 Qc5+ 31. Kh2 Rbc8 32. Rgf3 Qc7 33. Qf2 Qc5 34. Qg2 Qc7 35. Qf2 Qc5 36. Qg2 Qc7 37. Rf5 Ra8 38. Qg3 Be8 39. R5f4 Rc8 40. Rf2 Qe7 41. Qe3 Qc7 42. R4f3 Rb8 43. Qe2 Rc8 44. Qf1 Qe7 45. Kh1 Bd7 46. Qg2 1/2-1/2

[Event "SVK-ch U18/20"]
[Site "Liptovsky Mikulas"]
[Date "2019.04.25"]
[Round "4"]
[White "Kardis, Benjamin"]
[Black "Ondo, Tomas"]
[Result "1/2-1/2"]
[WhiteElo "1932"]
[BlackElo "2102"]
[PlyCount "65"]
[EventDate "2019.04.23"]
[EventType "swiss"]
[EventRounds "9"]
[EventCountry "SVK"]
[SourceTitle "CBM 190 Extra"]
[Source "ChessBase"]
[SourceDate "2019.07.15"]
[SourceVersion "1"]
[SourceVersionDate "2019.07.15"]
[SourceQuality "1"]

1. e4 e5 2. Nf3 Nc6 3. Bc4 Nf6 4. Ng5 d5 5. exd5 Na5 6. Bb5+ c6 7. dxc6 bxc6 8. Be2 h6 9. Nf3 e4 10. Ne5 Bd6 11. Ng4 0-0 12. Nc3 Nxg4 13. Bxg4 f5 14. Be2 Qe7 15. d3 Nb7 16. dxe4 Nc5 17. Bc4+ Kh7 18. Be3 Rb8 19. Rb1 Rd8 20. Qe2 Be5 21. 0-0 f4 22. Bxc5 Qxc5 23. Na4 Qb4 24. b3 Rd2 25. Qh5 Qe7 26. Nb2 g6 27. Qf3 g5 28. Qh5 Bd7 29. Bf7 Rd6 30. Nc4 Rf6 31. Rbd1 Rb7 32. Nxe5 Qxe5 33. Rd3 1/2-1/2

[Event "SVK-chT2D 1819"]
[Site "Slovakia"]
[Date "2019.03.03"]
[Round "9.5"]
[White "Ondo, Tomas"]
[Black "Svana, Kamil"]
[Result "1-0"]
[WhiteElo "2018"]
[BlackElo "2026"]
[PlyCount "67"]
[EventDate "2018.10.13"]
[EventType "team-tourn"]
[EventRounds "11"]
[EventCountry "SVK"]
[SourceTitle "CBM 189 Extra"]
[Source "ChessBase"]
[SourceDate "2019.06.03"]
[SourceVersion "1"]
[SourceVersionDate "2019.06.03"]
[SourceQuality "1"]
[WhiteTeam "Humenne Reinter"]
[BlackTeam "Spisska Nova Ves"]
[WhiteTeamCountry "SVK"]
[BlackTeamCountry "SVK"]

1. d4 Nf6 2. Bf4 g6 3. Nc3 d5 4. e3 a6 5. h4 Bg7 6. h5 gxh5 7. Bg5 Be6 8. Nge2 Nc6 9. Nf4 Qd7 10. Be2 0-0-0 11. Bxf6 Bxf6 12. Rxh5 Qd6 13. Nd3 Rdg8 14. g3 Nxd4 15. exd4 Rxg3 16. fxg3 Qxg3+ 17. Kd2 Bg5+ 18. Rxg5 Qxg5+ 19. Ke1 Qg1+ 20. Bf1 Qxd4 21. Qf3 Rg8 22. Kd2 Rg4 23. Bh3 Rh4 24. Bxe6+ fxe6 25. Re1 c5 26. Qf2 c4 27. Qxd4 Rxd4 28. Ne2 Rh4 29. Ne5 Rh2 30. Ke3 Rh4 31. Nf3 Re4+ 32. Kf2 Kd7 33. Ned4 e5 34. Nxe5+ 1-0

[Event "SVK-chT2D 1819"]
[Site "Slovakia"]
[Date "2019.03.02"]
[Round "8.4"]
[White "Ondo, Tomas"]
[Black "Kopcak, Stanislav"]
[Result "1/2-1/2"]
[WhiteElo "2018"]
[BlackElo "1947"]
[PlyCount "80"]
[EventDate "2018.10.13"]
[EventType "team-tourn"]
[EventRounds "11"]
[EventCountry "SVK"]
[SourceTitle "CBM 189 Extra"]
[Source "ChessBase"]
[SourceDate "2019.06.03"]
[SourceVersion "1"]
[SourceVersionDate "2019.06.03"]
[SourceQuality "1"]
[WhiteTeam "Humenne Reinter"]
[BlackTeam "Poprad LS VD"]
[WhiteTeamCountry "SVK"]
[BlackTeamCountry "SVK"]

1. d4 d5 2. Bf4 e6 3. e3 Be7 4. Nd2 Nd7 5. Bd3 h5 6. h3 g5 7. Bh2 f5 8. c4 Ngf6 9. Qb3 c6 10. Rc1 Ne4 11. Ne2 a5 12. a3 a4 13. Qc2 Ndf6 14. cxd5 exd5 15. f3 Nxd2 16. Qxd2 Bd6 17. Bxd6 Qxd6 18. Nc3 Qg3+ 19. Qf2 Qxf2+ 20. Kxf2 0-0 21. Bc2 b5 22. h4 g4 23. Ne2 Ne8 24. Nf4 Ng7 25. Bd3 Bd7 26. Ng6 Rf6 27. Ne5 Be8 28. Rc3 Rd8 29. Rhc1 Rdd6 30. Bc2 Kf8 31. b3 axb3 32. Bxb3 f4 33. Bc2 g3+ 34. Ke2 fxe3 35. Kxe3 Ne6 36. Bd3 Rf4 37. Nxc6 Rxh4 38. Bxb5 Bxc6 39. Rxc6 Rxc6 40. Rxc6 Nxd4 1/2-1/2

[Event "SVK-chT2D 1819"]
[Site "Slovakia"]
[Date "2019.02.03"]
[Round "7.6"]
[White "Elias, David"]
[Black "Ondo, Tomas"]
[Result "0-1"]
[WhiteElo "1592"]
[BlackElo "2018"]
[PlyCount "132"]
[EventDate "2018.10.13"]
[EventType "team-tourn"]
[EventRounds "11"]
[EventCountry "SVK"]
[SourceTitle "CBM 189 Extra"]
[Source "ChessBase"]
[SourceDate "2019.06.03"]
[SourceVersion "1"]
[SourceVersionDate "2019.06.03"]
[SourceQuality "1"]
[WhiteTeam "Sabinov II"]
[BlackTeam "Humenne Reinter"]
[WhiteTeamCountry "SVK"]
[BlackTeamCountry "SVK"]

1. e4 e5 2. Nf3 Nc6 3. Bc4 Nf6 4. Ng5 d5 5. exd5 Nd4 6. d3 Nxd5 7. c3 Ne6 8. Nf3 f6 9. 0-0 Be7 10. d4 exd4 11. Nxd4 Nxd4 12. Qxd4 Be6 13. Re1 Bf7 14. b3 Kf8 15. a4 c6 16. Qe4 Qd7 17. Ra2 Bg6 18. Qe2 Bxb1 19. Rd2 Bg6 20. Qf3 Rd8 21. Rde2 Bd6 22. Re6 Kf7 23. Qe2 Rhe8 24. Bxd5 cxd5 25. Re3 Bc5 26. Rxe8 Rxe8 27. Be3 Bxe3 28. fxe3 Rc8 29. Qd2 Qc6 30. Rd1 Be4 31. Rc1 Qe6 32. h3 Ke7 33. b4 Qc6 34. a5 Qc4 35. Kf2 Rc6 36. g3 Qd3 37. Qb2 a6 38. h4 Bf5 39. Qe2 Qxe2+ 40. Kxe2 Be4 41. g4 Rc4 42. Kf2 g5 43. hxg5 fxg5 44. Kg3 Ke6 45. Kf2 Ke5 46. Kg3 Rc7 47. Kh3 Bg6 48. Kg3 Ke4 49. Kf2 h5 50. Rd1 Rxc3 51. Rd4+ Ke5 52. gxh5 Bxh5 53. b5 axb5 54. Rb4 Be8 55. Rg4 Kf5 56. Rd4 Bc6 57. Kf3 g4+ 58. Kf2 g3+ 59. Kf3 g2 60. Kxg2 Rxe3 61. Kf2 Re4 62. Rd3 d4 63. Rf3+ Rf4 64. Rxf4+ Kxf4 65. Ke2 Ke4 66. Kd2 b4 0-1

[Event "SVK-chT1E 1819"]
[Site "Slovakia"]
[Date "2019.01.13"]
[Round "6.6"]
[White "Ondo, Tomas"]
[Black "Tauber, Marek"]
[Result "1/2-1/2"]
[WhiteElo "2053"]
[BlackElo "2130"]
[PlyCount "74"]
[EventDate "2018.10.27"]
[EventType "team-tourn"]
[EventRounds "11"]
[EventCountry "SVK"]
[SourceTitle "CBM 188 Extra"]
[Source "ChessBase"]
[SourceDate "2019.02.26"]
[SourceVersion "1"]
[SourceVersionDate "2019.02.26"]
[SourceQuality "1"]
[WhiteTeam "Michalovce Zemplin"]
[BlackTeam "Kosice Slavia UPJS"]
[WhiteTeamCountry "SVK"]
[BlackTeamCountry "SVK"]

1. d4 Nf6 2. Bf4 c5 3. e3 g6 4. Nc3 Bg7 5. Be2 0-0 6. h4 Qa5 7. Qd2 h5 8. Nf3 d6 9. 0-0 Bg4 10. Rfd1 cxd4 11. exd4 Nc6 12. d5 Bxf3 13. Bxf3 Ne5 14. Bxe5 dxe5 15. Ne4 Qxd2 16. Rxd2 Nxe4 17. Bxe4 f5 18. Bd3 Rfd8 19. c3 Rac8 20. Bc2 Kf8 21. Bb3 a5 22. a4 Rd6 23. Re2 Bf6 24. g3 e4 25. Kg2 Rb6 26. Ba2 Rd8 27. Rc1 Kg7 28. Rb1 Kh6 29. f4 Kg7 30. Rc1 Kf8 31. Rec2 Ke8 32. Kf2 Kd7 33. Ke2 Kd6 34. Bc4 Rc8 35. b3 Rd8 36. Ke3 Rc8 37. Ke2 Rd8 1/2-1/2

[Event "SVK-chT2D 1819"]
[Site "Slovakia"]
[Date "2018.10.13"]
[Round "1.5"]
[White "Ondo, Tomas"]
[Black "Korytko, Peter"]
[Result "1/2-1/2"]
[WhiteElo "2018"]
[BlackElo "2051"]
[PlyCount "51"]
[EventDate "2018.10.13"]
[EventType "team-tourn"]
[EventRounds "11"]
[EventCountry "SVK"]
[SourceTitle "CBM 187 Extra"]
[Source "ChessBase"]
[SourceDate "2018.11.04"]
[SourceVersion "1"]
[SourceVersionDate "2018.11.04"]
[SourceQuality "1"]
[WhiteTeam "Humenne Reinter"]
[BlackTeam "Margecany"]
[WhiteTeamCountry "SVK"]
[BlackTeamCountry "SVK"]

1. d4 Nf6 2. Bf4 d5 3. e3 e6 4. Nd2 c5 5. c3 Nc6 6. Ngf3 Be7 7. Ne5 Qb6 8. Qb3 0-0 9. Be2 Bd7 10. 0-0 Rfc8 11. Nxc6 Bxc6 12. dxc5 Bxc5 13. Qxb6 Bxb6 14. Bd3 Nd7 15. Rfe1 Nc5 16. Bf1 f6 17. Nb3 Na4 18. Rab1 Be8 19. Bd3 Bf7 20. Bd6 a6 21. Bb4 Rc7 22. Kf1 Rd8 23. Red1 Bh5 24. Be2 Bg6 25. Bd3 Bh5 26. Be2 1/2-1/2

[Event "SVK-chT U20 final"]
[Site "Trnava"]
[Date "2018.05.06"]
[Round "5.1"]
[White "Kostolansky, Sebastian Lukas"]
[Black "Ondo, Tomas"]
[Result "1-0"]
[WhiteElo "2197"]
[BlackElo "1999"]
[PlyCount "59"]
[EventDate "2018.05.04"]
[EventType "team-tourn"]
[EventRounds "5"]
[EventCountry "SVK"]
[SourceTitle "EXT 2019"]
[Source "ChessBase"]
[SourceDate "2018.10.10"]
[SourceVersion "1"]
[SourceVersionDate "2018.10.10"]
[SourceQuality "1"]
[WhiteTeam "Bratislava Slovan"]
[BlackTeam "Michalovce Zemplin Junior"]
[WhiteTeamCountry "SVK"]
[BlackTeamCountry "SVK"]

1. e4 e5 2. Nf3 Nc6 3. Bb5 a6 4. Ba4 Nf6 5. d3 Be7 6. 0-0 b5 7. Bb3 0-0 8. Bg5 d6 9. c3 Na5 10. Bc2 c5 11. Nbd2 Nc6 12. Re1 Re8 13. Nf1 h6 14. Bh4 Ra7 15. Ne3 g6 16. a4 b4 17. d4 cxd4 18. cxd4 Ng4 19. Bxe7 Qxe7 20. Nd5 Qd8 21. Qd2 Kg7 22. a5 Nf6 23. Nxb4 Nxb4 24. Qxb4 Qe7 25. Bd3 Bd7 26. Rac1 Bb5 27. Bxb5 axb5 28. Rc6 exd4 29. Qxd4 Rd8 30. b4 1-0

[Event "SVK-chT U20 final"]
[Site "Trnava"]
[Date "2018.05.05"]
[Round "3.1"]
[White "Haring, Viktor"]
[Black "Ondo, Tomas"]
[Result "1/2-1/2"]
[WhiteElo "2304"]
[BlackElo "1999"]
[PlyCount "34"]
[EventDate "2018.05.04"]
[EventType "team-tourn"]
[EventRounds "5"]
[EventCountry "SVK"]
[SourceTitle "EXT 2019"]
[Source "ChessBase"]
[SourceDate "2018.10.10"]
[SourceVersion "1"]
[SourceVersionDate "2018.10.10"]
[SourceQuality "1"]
[WhiteTeam "Banska Bystrica Junior"]
[BlackTeam "Michalovce Zemplin Junior"]
[WhiteTeamCountry "SVK"]
[BlackTeamCountry "SVK"]

1. e4 e5 2. Nf3 Nc6 3. Bb5 a6 4. Ba4 Nf6 5. 0-0 Be7 6. Re1 b5 7. Bb3 0-0 8. h3 Bb7 9. d3 d5 10. exd5 Nxd5 11. Nxe5 Nxe5 12. Rxe5 Qd6 13. Re1 Rae8 14. Nd2 c5 15. Ne4 Qc6 16. a4 Nb6 17. axb5 axb5 1/2-1/2

[Event "SVK-chT1E 1718"]
[Site "Slovakia"]
[Date "2018.02.17"]
[Round "8.6"]
[White "Ondo, Tomas"]
[Black "Zvarik, Martin"]
[Result "0-1"]
[WhiteElo "1988"]
[BlackElo "2244"]
[PlyCount "90"]
[EventDate "2017.10.21"]
[EventType "team-tourn"]
[EventRounds "11"]
[EventCountry "SVK"]
[SourceTitle "EXT 2019"]
[Source "ChessBase"]
[SourceDate "2018.10.10"]
[SourceVersion "1"]
[SourceVersionDate "2018.10.10"]
[SourceQuality "1"]
[WhiteTeam "Michalovce Zemplin"]
[BlackTeam "Zilina Mladost"]
[WhiteTeamCountry "SVK"]
[BlackTeamCountry "SVK"]

1. d4 Nf6 2. Bf4 d6 3. e3 Nbd7 4. Nf3 Nh5 5. Bg5 h6 6. Bh4 g5 7. Bg3 Bg7 8. Be2 Nxg3 9. hxg3 c6 10. c3 Nf6 11. Qc2 Qc7 12. Nbd2 Bd7 13. a4 a6 14. a5 Rd8 15. Nc4 Be6 16. Nfd2 c5 17. Bd3 Bd7 18. Nb6 Bc6 19. Kf1 e6 20. Ne4 Bxe4 21. Bxe4 d5 22. Bf3 Kf8 23. Qa4 Kg8 24. Rd1 Bf8 25. Qc2 h5 26. Be2 g4 27. Qd2 Bd6 28. Bd3 Bf8 29. Qe2 Bg7 30. Bc2 Rh6 31. Qd2 Ne8 32. Qe1 Nd6 33. Bb1 Qc6 34. Qe2 Bf6 35. f3 gxf3 36. gxf3 Kg7 37. g4 hxg4 38. Rxh6 Kxh6 39. fxg4 Kg7 40. Kg2 Rh8 41. dxc5 Qxc5 42. Nd7 Qc7 43. Nxf6 Kxf6 44. Kg1 Ke7 45. Rd2 Nc4 0-1

[Event "SVK-chT1E 1718"]
[Site "Slovakia"]
[Date "2018.02.03"]
[Round "7.5"]
[White "Ondo, Tomas"]
[Black "Skovran, Jaroslav"]
[Result "1/2-1/2"]
[WhiteElo "1988"]
[BlackElo "1990"]
[PlyCount "85"]
[EventDate "2017.10.21"]
[EventType "team-tourn"]
[EventRounds "11"]
[EventCountry "SVK"]
[SourceTitle "EXT 2019"]
[Source "ChessBase"]
[SourceDate "2018.10.10"]
[SourceVersion "1"]
[SourceVersionDate "2018.10.10"]
[SourceQuality "1"]
[WhiteTeam "Michalovce Zemplin"]
[BlackTeam "Sabinov"]
[WhiteTeamCountry "SVK"]
[BlackTeamCountry "SVK"]

1. d4 Nf6 2. Bf4 g6 3. Nc3 d5 4. e3 c6 5. Bd3 Bg7 6. h4 h5 7. Nh3 Nbd7 8. Ng5 Nf8 9. Qf3 Ne6 10. Be5 0-0 11. Ne2 Ng4 12. Bxg7 Nxg7 13. Qf4 Qd6 14. Qxd6 exd6 15. e4 dxe4 16. Nxe4 d5 17. Ng5 Bf5 18. Bxf5 Nxf5 19. Nf3 Rfe8 20. Rf1 Re7 21. Kd2 Rae8 22. Nc3 f6 23. Rae1 Kf7 24. Rxe7+ Rxe7 25. g3 Nd6 26. b3 b5 27. Kd3 b4 28. Nd1 Ne4 29. Nd2 Nh2 30. Rh1 Nxd2 31. Kxd2 Nf3+ 32. Kd3 Re4 33. Rf1 g5 34. hxg5 fxg5 35. c3 a5 36. a3 h4 37. gxh4 gxh4 38. cxb4 axb4 39. a4 Re1 40. Rxe1 Nxe1+ 41. Ke2 h3 42. f3 h2 43. Nf2 1/2-1/2

[Event "SVK-chT1E 1718"]
[Site "Slovakia"]
[Date "2017.11.05"]
[Round "4.6"]
[White "Ondo, Tomas"]
[Black "Vrablik, Miroslav"]
[Result "1/2-1/2"]
[WhiteElo "1988"]
[BlackElo "1990"]
[PlyCount "60"]
[EventDate "2017.10.21"]
[EventType "team-tourn"]
[EventRounds "11"]
[EventCountry "SVK"]
[SourceTitle "CBM 181 Extra"]
[Source "ChessBase"]
[SourceDate "2017.12.12"]
[SourceVersion "1"]
[SourceVersionDate "2017.12.12"]
[SourceQuality "1"]
[WhiteTeam "Michalovce Zemplin"]
[BlackTeam "Cebovce"]
[WhiteTeamCountry "SVK"]
[BlackTeamCountry "SVK"]

1. d4 Nf6 2. Bf4 d6 3. Nf3 Nbd7 4. e3 g6 5. h3 Bg7 6. Be2 0-0 7. 0-0 Qe8 8. c4 Ne4 9. Nbd2 Nxd2 10. Qxd2 b6 11. Rac1 Bb7 12. Rfd1 a5 13. a3 e5 14. Bh2 e4 15. Ne1 Rc8 16. b4 axb4 17. axb4 Qe7 18. c5 Bd5 19. Bc4 Qe6 20. Qa2 Nf6 21. Bxd5 Nxd5 22. cxd6 cxd6 23. Qb3 f5 24. b5 g5 25. Rc6 Rxc6 26. bxc6 f4 27. Nc2 Qf7 28. Rd2 Ra8 29. Rd1 Rf8 30. Rd2 Ra8 1/2-1/2